| 000 | 00483nam a22001937a 4500 | ||
|---|---|---|---|
| 003 | NUST - PNEC | ||
| 005 | 20170116180754.0 | ||
| 008 | 150331b xxu||||| |||| 00| 0 eng d | ||
| 020 | _a0470849991 | ||
| 040 | _cLIBRARY | ||
| 082 | _a304.28 UNI | ||
| 100 |
_91966 _aOpen University |
||
| 245 |
_aChanging environments _c Open University |
||
| 250 | _a- | ||
| 260 |
_aUK _bWiley _cC 2003 |
||
| 300 | _a336 . : | ||
| 650 |
_91967 _aChanging environments _xAS |
||
| 942 |
_2ddc _cBK |
||
| 999 |
_c62682 _d62682 |
||